Statistics for NASCAR Drivers who won for Joe Gibbs Racing

Click here to take the quiz!

General Stats

  • This quiz has been taken 62 times
  • The average score is 9 of 11

Answer Stats

HintAnswer% Correct
18Kyle Busch
100%
11Denny Hamlin
98%
19Martin Truex Jr.
93%
20Christopher Bell
88%
18Bobby Labonte
83%
20Matt Kenseth
83%
20Tony Stewart
83%
18, 20Erik Jones
80%
02, 20Joey Logano
76%
19Carl Edwards
71%
18Dale Jarrett
71%

Score Distribution

Percentile by Number Answered

Percent of People with Each Score

Your Score History

You have not taken this quiz